000 00939nam a22002531u 4500
001 05097
003 HDC
007 cr bn ---aaaaa
008 210118p2012 o d 00 engg
040 _aHDC
245 4 _aThe Role Of Halal Awareness And Halal Certification In Influencing Non-Muslims' Purchase Intention / by
_cYuhanis Abdul Aziz and Chok Nyen Vui
260 _a[no place] :
_b[publisher not identified],
_c2012
300 _a 1 online resource (12 pages)
336 _atext
_2rdacontent
337 _acomputer
_2rdamedia
338 _aonline resource
_2rdacarrier
650 _ahalal awareness
_95328
650 _ahalal certification
_9753
700 _aChok, Nyen Vui
_eauthor
_95329
856 _zRequest full-text at [email protected]
942 _2lcc
942 _cCONP
942 _kJART 001304
999 _c2421
_d2421